El cruce de saberes y de prácticas : (Registro nro. 33213)

Detalles MARC
000 -CABECERA
Longitud fija campo de control 01576nam a2200361 a 4500
003 - • IDENTIFICADOR DELl NÚMERO DE CONTROL
Identificador del número de control CO-ViMGA
005 - • FECHA Y HORA DE LA ÚLTIMA TRANSACCIÓN
Fecha y hora de la última transacción 20230915232141.0
008 - • CÓDIGOS DE INFORMACIÓN DE LONGITUD FIJA
Códigos de información de longitud fija 141112s2004 ck r 000 u spa d
017 ## - NÚMERO DE COPYRIGHT O DE DEPÓSITO LEGAL
Número de copyright o de depósito legal M 40081 - 2012 Oficina Depósito Legal Madrid
020 ## - • NÚMERO INTERNACIONAL NORMALIZADO PARA LIBROS
Número Internacional Normalizado para Libros (ISBN) 9788478845484
040 ## - FUENTE DE LA CATALOGACIÓN
Centro catalogador de origen CO-ViMGA
Lengua de catalogación spa
Centro transcriptor CO-ViMGA
041 ## - • CÓDIGO DE LENGUA
Código de lengua del texto/banda sonora o título independiente spa und
080 ## - NÚMERO DE LA CLASIFICACIÓN DECIMAL UNIVERSAL
Número de la Clasificación Decimal Universal 061.235(44)
082 04 - • NÚMERO DE LA CLASIFICACIÓN DECIMAL DEWEY
Número de clasificación (R) 364.662 C78
245 10 - • TITULO PROPIAMENTE DICHO
Título El cruce de saberes y de prácticas :
Resto del título cuando personas en situación de pobreza, universitarios y profesionales piensan y se forman juntos :
-- estudio sobre la pobreza grupos de investigación Cuarto Mundo - Universidad, Cuarto Mundo Colaborador ; [traducción Jorge Mónera - Garcés, con la colaboración de Bruno Couder y Sarah Mónera - Carteau]
300 ## - • DESCRIPCIÓN FÍSICA
Extensión 2 v. (393, 397 p.) 23 cm
336 ## - TIPO DE CONTENIDO
Término de tipo de contenido Texto (visual) isbdcontent
337 ## - TIPO DE MEDIO
Nombre del tipo de medio sin mediación isbdmedia
490 ## - • MENCIÓN DE SERIE
Mención de serie Sociologías 18 - 19
504 ## - • NOTA DE BIBLIOGRAFÍA, ETC
Nota de bibliografía, etc. Bibliografía
610 ## - • PUNTO DE ACCESO ADICIONAL DE MATERIA - NOMBRE DE ENTIDAD CORPORATIVA
Nombre de entidad corporativa o nombre de jurisdicción como elemento inicial Grupo de Investigación Cuarto Mundo - Universidad - embne
650 14 - • PUNTO DE ACCESO ADICIONAL DE MATERIA - TÉRMINO DE MATERIA
Término de materia o nombre geográfico como elemento inicial Pobreza
710 ## - • PUNTO DE ACCESO ADICIONAL - NOMBRE DE ENTIDAD
Nombre de entidad o nombre de jurisdicción como elemento inicial Grupo de Investigación Cuarto Mundo - Universidad
926 ## -
-- BNALCALA SG_PETANTI 12/917229 V. 1 FONDO_MODE 1
942 ## - ENTRADA DE ELEMENTOS AGREGADOS (KOHA)
Fuente de clasificaión o esquema Dewey Decimal Classification
Koha [por defecto] tipo de item LIbro
956 ## - LOCALIZACIÓN Y ACCESO ELECTRÓNICO LOCAL (OCLC)
Nombre de la fuente 2
980 ## - EQUIVALENCIA O SECCIÓN-REFERENCIA-INFORME SERIES--NOMBRE / TÍTULO DE PERSONA [LOCAL, CANADA]
Nombre personal 852. 40 SpMaBN BNALCALA DL/2174907 - DL/2174908 CONSERVACI 853. 20 1 v. 863. 43 1.1 1 M 40081 - 2012 978 - 84 - 7884 - 548 - 4 863. 43 1.1 1 M 40082 - 2012 978 - 84 - 7884 - 549 - 1 866. 40 0 2 v.
Existencias
Perdido Fuente de clasificación o esquema Estado Físico No para préstamo Forma de adquisición Localización permanente Localización actual Fecha adquisición Serie de enumeración / cronolog&íacute;a Préstamos totales Signatura completa Código de barras Fecha última consulta Número de copia Fecha del precio de reemplazo Tipo de item de Koha
  Dewey Decimal Classification     Sala Especializada Tercer Piso Biblioteca Pública Germán Arciniegas - Villavicencio Biblioteca Pública Germán Arciniegas - Villavicencio 12/04/2015 Tomo. 1 | 23/oct/2014   364.662 C78 27256 12/04/2015 Ej. 1 12/04/2015 LIbro
  Dewey Decimal Classification     Sala Especializada Tercer Piso Biblioteca Pública Germán Arciniegas - Villavicencio Biblioteca Pública Germán Arciniegas - Villavicencio 12/04/2015 Tomo. 2 | 23/oct/2014   364.662 C78 27257 12/04/2015 Ej. 1 12/04/2015 LIbro









Instituto Departamental de Cultura del Meta - Red Departamental de Bibliotecas Públicas del Meta.